00271nam a2200121Ia 45000030006000000080041000060400015000471000022000622450016000842600020001005460012001200050017001320STCL150530s9999 xx 000 0 und d aSTCLcSTCL aFrederic Harrison aJohn Ruskin bMacmillanc1918 aEnglish20220125170843.0